| 000 | 00718cam a2200241 a 4500 | ||
|---|---|---|---|
| 001 | 13519856 | ||
| 005 | 20180109074401.0 | ||
| 008 | 040312s2004 cauak 001 0 eng | ||
| 010 | _a 2004043499 | ||
| 020 | _a1413300715 (alk. paper) | ||
| 040 |
_aDLC _cDLC _dDLC |
||
| 041 | _aeng | ||
| 043 | _an-us--- | ||
| 080 | _a346.730 | ||
| 082 | 0 | 0 |
_a346.730 PRE _222 |
| 100 | 1 | _a46 | |
| 101 | _aEDU | ||
| 245 | 1 | 0 |
_aNolo's patents for beginners / _cby David Pressman and Richard Stim. |
| 246 | 3 | 0 | _aPatents for beginners |
| 906 |
_a7 _bcbc _corignew _d1 _eocip _f20 _gy-gencatlg |
||
| 942 |
_2ddc _cBK |
||
| 999 |
_c39923 _d39923 |
||